Devils and demons : (Record no. 5932)
[ view plain ]
| 000 -LEADER | |
|---|---|
| fixed length control field | 00596cam a22001937i 4500 |
| 001 - CONTROL NUMBER | |
| control field | 18733667 |
| 005 - DATE AND TIME OF LATEST TRANSACTION | |
| control field | 20250325024936.0 |
| 008 - FIXED-LENGTH DATA ELEMENTS--GENERAL INFORMATION | |
| fixed length control field | 150807s2014 ce 000 1 eng |
| 020 ## - INTERNATIONAL STANDARD BOOK NUMBER | |
| ISBN | 978951810221 |
| 040 ## - CATALOGING SOURCE (பட்டியலாக்க மூலம்) | |
| Original cataloging agency | DLC |
| Language of cataloging | eng |
| Description conventions | rda |
| Transcribing agency | DLC |
| Modifying agency | DLC |
| 082 ## - DDC Classification | |
| DDC Edition Number | 22 |
| Class No. | 823 |
| Item Number - Author Mark | NEE |
| 100 1# - MAIN ENTRY--PERSONAL NAME | |
| Personal name | Pon̲n̲aiyan̲, Nīrvai, |
| 245 10 - TITLE STATEMENT | |
| Title | Devils and demons : |
| Remainder of title | a collection of short stories / |
| Statement of responsibility, etc. | Neervai Ponnaiyan ; translate by S. Rajasingam, A.J. Canagaratna. |
| 250 ## - EDITION STATEMENT | |
| Edition statement | First edition. |
| 260 ## - PUBLICATION, DISTRIBUTION, ETC. | |
| Place of publication, distribution, etc. | Colombo |
| Name of publisher, distributor, etc. | Ceylon Progressive Art |
| Date of publication, distribution, etc. | 2014 |
| 300 ## - PHYSICAL DESCRIPTION | |
| Extent (e.g. Volumes, Pages etc.) | 95 p., (C II) |
| 500 ## - GENERAL NOTE | |
| General note | Short stories. |
| 942 ## - Koha item type (Biblio) | |
| Koha item type | Books in Stacks (Lending) |
| Lost status | Damaged status | Collection code | Home library | Current library | Date acquired | Full call number | Accession Number | Item type |
|---|---|---|---|---|---|---|---|---|
| Lending | WERC Library | WERC Library | 11/19/2024 | 823 NEE | 6881 | Books in Stacks (Lending) |
